000 00587cam a22002053a 4500
001 39931
003 PGUSA
005 20140828083905.0
008 120606s2012||||xxu|||||s|||||000 | eng d
040 _aPGUSA
_beng
042 _adc
100 1 _aErdélyi, János,
_d1814-1868
245 1 0 _aNépdalok és mondák (1. kötet)
_h[electronic resource] /
_cJános Erdélyi
260 _bProject Gutenberg,
_c2012
506 _aPublic domain in the USA.
516 _aElectronic text
830 0 _aProject Gutenberg
_v39931
856 4 0 _uhttp://www.gutenberg.org/ebooks/39931
942 _cEB
999 _c269184
_d269184